000 00450cam a2200193ua 4500
001 9043
005 20260515114423.0
008 150220n ii |||gr||||Z||||||asm
040 _cMAIN
041 _aasm
082 _a294.5
100 _aBezbatruah, L.,
_eAuthor.
245 _aSrikrishna-katha
_cBy L. Bezbaruah
250 _a1st.
260 _aGuwahati:
_bSahitya,
_c1986.
300 _a204p.
653 _aReligions ofIndic origin
942 _cBK
999 _c8126
_d8126